000 00460nam a2200157Ia 4500
008 240729s9999 xx 000 0 und d
022 _a2573-7643
245 0 _aBuilding Healthy Academic Communities Journal
260 _aUnited States
260 _bThe Ohio State University Libraries
650 _a Public aspects of medicine
650 _aMedicine
856 _uhttps://doaj.org/toc/84453c02eef34b73aca22ce90b979d01
942 _2ddc
942 _cDOAJEJ
999 _c69811
_d69811
945 _a1
_bMadushi Gamage
_c1
_dMadushi Gamage